Higher education quality assurance in Sub-Saharan Africa : (Record no. 4480)

MARC details
000 -LEADER
fixed length control field 00861nam a22002292 4500
001 - CONTROL NUMBER
control field 0000024077
005 - DATE AND TIME OF LATEST TRANSACTION
control field 20151217145945.0
008 - FIXED-LENGTH DATA ELEMENTS--GENERAL INFORMATION
fixed length control field 130510s xx 000 0 eng d
020 ## - INTERNATIONAL STANDARD BOOK NUMBER
International Standard Book Number 0821372722 :
040 ## - CATALOGING SOURCE
Original cataloging agency KABU
Transcribing agency KABU
100 1# - MAIN ENTRY--PERSONAL NAME
Personal name Materu, Peter.
-- 0000184033
245 10 - TITLE STATEMENT
Title Higher education quality assurance in Sub-Saharan Africa :
Remainder of title status, challenges, opportunities and promising practices /
Statement of responsibility, etc. Peter Materu.
250 ## - EDITION STATEMENT
Edition statement 1st ed.
260 ## - PUBLICATION, DISTRIBUTION, ETC. (IMPRINT)
Place of publication, distribution, etc. Washington, D. C. :
Name of publisher, distributor, etc. World Bank,
Date of publication, distribution, etc. 2007.
300 ## - PHYSICAL DESCRIPTION
Extent xxi, 80 p.
650 #0 - SUBJECT ADDED ENTRY--TOPICAL TERM
Topical term or geographic name as entry element Education, Higher
Geographic subdivision Africa, Sub-Saharan.
-- 0000167226
650 #0 - SUBJECT ADDED ENTRY--TOPICAL TERM
Topical term or geographic name as entry element Total quality management in higher education
Geographic subdivision Africa, Sub-Saharan.
-- 0000167227
650 #0 - SUBJECT ADDED ENTRY--TOPICAL TERM
Topical term or geographic name as entry element Quality assurance
Geographic subdivision Africa, Sub-Saharan.
-- 0000167228
852 1# - LOCATION
-- p1560 KES
908 ## - PUT COMMAND PARAMETER (RLIN)
Put command parameter 130510
950 ## - LOCAL HOLDINGS (RLIN)
-- 1
Holdings
Withdrawn status Lost status Source of classification or shelving scheme Not for loan Home library Current library Date acquired Total Checkouts Full call number Barcode Date last seen Price effective from Koha item type
    Library of Congress Classification   Kabarak, Main Campus Kabarak, Main Campus 17/12/2015   LA1503 .M38 2007 c. 2 015238 17/12/2015 17/12/2015 General Collection
    Library of Congress Classification   Kabarak, Main Campus Kabarak, Main Campus 17/12/2015   LA1503 .M38 2007 c. 1 015235 17/12/2015 17/12/2015 Africana Collection
Designed with assistance from East African Informatics Ltd